| 000 | 00928nam a22002417a 4500 | ||
|---|---|---|---|
| 001 | BRCA_9191 | ||
| 003 | FranzMayer | ||
| 005 | 20220706162226.0 | ||
| 008 | 220706b |||||||| |||| 00| 0 spa d | ||
| 040 |
_bspa _cMFM |
||
| 041 | _aspa | ||
| 050 | 0 | 4 |
_aTR365 _bM46 2019 |
| 100 | 1 |
_aMena Macedo, Margarita _eautor. _928427 |
|
| 245 | 1 | 3 |
_aLa representación femenina a través de la técnica del daguerrotipo en el siglo XIX en México. (1839-1860) / _cMargarita Mena Macedo |
| 260 |
_aCiudad de México : _c2019 |
||
| 300 |
_avi 335 p. : _bil. y fot. ; _c17 x 23 cm. |
||
| 500 | _aTesis Doctorado (Doctora en Historia) Universidad Iberoamericana | ||
| 500 | _aCatálogo de muestra. Selección de daguerrotipos del archivo Franz Mayer (p. 315-334) | ||
| 650 | 0 |
_aDaguerrotipo _xHistoria _xTécnica _y1839-1860 _zMéxico _928428 |
|
| 651 |
_aMéxico _xDaguerrotipo _zMujeres _928429 |
||
| 942 |
_2lcc _cTES |
||
| 999 |
_c10810 _d10810 |
||